000 00220 a2200097 4500
001 45141
100 _aFrank R.G
245 _aMaterials for rockets missiles
260 _aNew York
_bMacmillan
_c
090 _c28343
_d28343
942 _aNUST-CAE
_cM
_c20384
999 _c280214
_d280214